| 000 | 01282cam a2200205 4500 | ||
|---|---|---|---|
| 001 | ##ABS67010 | ||
| 008 | 030820n2003 000 0 eng u | ||
| 035 | _a(Sirsi) u123323 | ||
| 100 | 1 | _aCarmona, M. | |
| 245 | 0 | 0 | _aJust the start |
| 260 | _c2003 | ||
| 490 |
_aTown & Country Planning _v72(6) July 2003, 175-179(5) |
||
| 520 | _aAssesses the implications of the Planning and Compulsory Purchase Bill for the quality of development. Considers what other measures will be required to ensure that the planning process contributes to the delivery of a high quality environment. These include: understanding the context for quality including factors such as contextual analysis; community involvement based on a protocol; establishing a vision for quality including local actions plans and development of core strategies; encouraging and negotiating quality; controlling and delivering quality using statements of development principles, and local development orders concluding the monitoring and enforcing quality. | ||
| 590 | _aABS | ||
| 650 | 2 | 4 | _aPLANNING AND COMPULSORY PURCHASE ACT 2004 |
| 650 | 2 | 4 | _aSTATEMENTS OF COMMUNITY INVOLVEMENT |
| 651 | 4 |
_aEngland _y886- |
|
| 690 | _aENVIRONMENTAL AND LAND CONSULTANCY-PLANNING AND DEVELOPMENT-PLANNING GUIDANCE | ||
| 942 | _n0 | ||
| 999 |
_c73259 _d73259 |
||